|
|
|
|
| LEADER |
00000cam a2200000 7i4500 |
| 001 |
0000007152 |
| 005 |
20040217093000.0 |
| 008 |
021119s1982 |
| 020 |
|
|
|a 0316472859
|
| 090 |
0 |
0 |
|a JX1391
|b .J6
|
| 100 |
0 |
|
|a Jones, Walter S. ,
|e author
|
| 245 |
1 |
4 |
|a The logic of international relations
|c Walter S. Jones, Steven J. Rosen
|
| 250 |
|
|
|a 4th ed.
|
| 260 |
2 |
|
|a Boston ;Toronto :
|b Little :
|b Brow ,
|c 1982
|
| 300 |
|
|
|a 623 p. ;
|c 23 cm.
|
| 501 |
|
|
|a Includes references and index
|
| 650 |
|
0 |
|a International relations
|
| 700 |
0 |
|
|a Rosen, Steven J. ,
|e author
|
| 999 |
|
|
|a 1000022014
|b Book
|c OPEN SHELF (30 DAYS)
|e Gong Badak Campus
|